00624nam a2200169 4500001000700000003000900007005001700016007000300033008004100036100005000077245008100127260004800208300002100256852003200277999001900309952012600328109947ES-MaACL20230906184940.0t|061121s19411979ir r ||||1| eng d0 aMohammed Reza Pahlevi cSha de Irán.98179510aPress Conferences of his Imperial Majesty Mohammad Reza Sha Pahlavi of Iran. aTehran : bKaysar Printing Press, c[s. a.] a54 p. ; c25 cm. aES-MaACLjC-21856 bR.46475 c109947d109947 00104070aATENEOMbATENEOMcGaleríad2008-01-17eSCl0oC-21856p1114715r2023-02-23 00:00:00w2023-02-23yMONOGRAFIA